000 00524nam a22001937a 4500
999 _c195401
_d195401
005 20230327144042.0
010 _aENG-136505
020 _a9788190569910
_c250.00
035 _aEN-120037
037 _bDBAD/PUB
082 _a641.563
100 _aSethi,N
245 _a100 Health Tips /
_cBy N Sethi
250 _aFirst
260 _aUttar Pradesh
_bNOida Book Publishing
_c2010
270 _aB-114 Sector-55 Noida
_bUttar Pradesh
300 _a191p.;
_c20cm(hbk)
942 _2ddc
_cEN
_h641.563
_mSET